|
|
|
|
| LEADER |
00000nam0a2200000 4500 |
| 001 |
676289 |
| 005 |
20241206113726.0 |
| 010 |
|
|
|a 978-5-4444-1568-9
|
| 090 |
|
|
|a 676289
|
| 100 |
|
|
|a 20241105d2014 m||y0rusy50 ca
|
| 101 |
0 |
|
|a rus
|
| 102 |
|
|
|a RU
|
| 105 |
|
|
|a fc z 000ya
|
| 181 |
|
0 |
|a i
|b e
|
| 182 |
|
0 |
|a n
|
| 183 |
|
0 |
|a nc
|2 RDAcarrier
|
| 200 |
1 |
|
|a Первая конная армия
|f С. М. Буденный
|
| 203 |
|
|
|a Текст
|b визуальный
|c непосредственный
|
| 210 |
|
|
|a Москва
|c Вече
|d 2014
|
| 215 |
|
|
|a 448, [16] с. ил.
|
| 225 |
1 |
|
|a Путь русского офицера
|
| 283 |
|
|
|a volume
|2 RDAcarrier
|
| 330 |
|
|
|a Предлагаемая читателю книга С. М. Буденного рассказывает о молодости будущего маршала-кавалериста, о службе в Русской императорской армии, о боях в годы Первой мировой войны, о рождении и становлении Первой конной армии. Впервые эта книга увидела свет в 1959 г., это обстоятельство обуславливает наличие в книге идеологических штампов и недосказанностей, вместе с тем автор живо и красочно рисует картины боев Гражданской войны, рассказывает о своих отношениях с лидерами партии большевиков.
|
| 600 |
|
1 |
|a Буденный
|b С. М.
|c российский военачальник
|c Маршал Советского Союза
|c трижды Герой Советского Союза
|f 1883-1973
|g Семен Михайлович
|9 3490
|
| 606 |
1 |
|
|a Гражданская война в России 1918-1920
|9 82410
|
| 610 |
1 |
|
|a Первая конная армия
|
| 610 |
1 |
|
|a большевики
|
| 610 |
1 |
|
|a Русская императорская армия
|
| 610 |
1 |
|
|a история
|
| 610 |
1 |
|
|a 20 век
|
| 610 |
1 |
|
|a воспоминания
|
| 610 |
1 |
|
|a автобиографии
|
| 686 |
|
|
|2 rubbk
|a Т3(2)612
|
| 700 |
|
1 |
|a Буденный
|b С. М.
|c российский военачальник
|c Маршал Советского Союза
|c трижды Герой Советского Союза
|f 1883-1973
|g Семен Михайлович
|9 3490
|
| 801 |
|
0 |
|a RU
|b 63413507
|c 20241105
|
| 942 |
|
|
|c BK
|